Sarah Key (Record no. 3610)

MARC details
000 -LEADER
fixed length control field 00426nam a22001457a 4500
008 - FIXED-LENGTH DATA ELEMENTS--GENERAL INFORMATION
fixed length control field 250522b |||||||| |||| 00| 0 eng d
020 ## - INTERNATIONAL STANDARD BOOK NUMBER
ISBN 9780719524523
100 ## - MAIN ENTRY--AUTHOR
Author Rosnay De Tatiana
245 ## - TITLE STATEMENT
Title Sarah Key
260 ## - PUBLICATION, DISTRIBUTION, ETC. (IMPRINT)
Place of publication London
Name of publisher John Murray
Date of publication 2008
300 ## - COLLATION
Pagination 294p.
Other physical details 20cm;
650 ## - TRACINGS
Main Subject Jews - France - Fiction
Subdivision (1st) World War, 1939-1945 - France - Anniversaries, etc - Fiction
942 ## - ADDED ENTRY ELEMENTS (KOHA)
Item type Books
050 ## - LIBRARY OF CONGRESS CALL NUMBER
Classification number PR9105.R66
Item number .S27 2007
Holdings
Source of classification or shelving scheme Not for loan Permanent location Current location Date acquired Accession No. Full call number Barcode. Koha item type
Library of Congress Classification   Samuel Ogbemudia Main Library, University of Abuja Samuel Ogbemudia Main Library, University of Abuja 05/22/2025 2008/64079 PR9105.R66.S27 2007 2025-2083 Books